Statistics for South Dakota Cities With Passenger Airports

Click here to take the quiz!

General Stats

  • This quiz has been taken 79 times
  • The average score is 4 of 5

Answer Stats

HintAnswer% Correct
PIRPierre
90%
RAPRapid City
87%
FSDSioux Falls
87%
ABRAberdeen
78%
ATYWatertown
38%

Score Distribution

Percentile by Number Answered

Percent of People with Each Score

Your Score History

You have not taken this quiz